<?xml version="1.0" encoding="UTF-8"?><?xml-stylesheet type="text/xsl" href="static/style.xsl"?><OAI-PMH xmlns="http://www.openarchives.org/OAI/2.0/" xmlns:xsi="http://www.w3.org/2001/XMLSchema-instance" xsi:schemaLocation="http://www.openarchives.org/OAI/2.0/ http://www.openarchives.org/OAI/2.0/OAI-PMH.xsd"><responseDate>2026-04-28T19:42:51Z</responseDate><request verb="GetRecord" identifier="oai:uvadoc.uva.es:10324/65362" metadataPrefix="marc">https://uvadoc.uva.es/oai/request</request><GetRecord><record><header><identifier>oai:uvadoc.uva.es:10324/65362</identifier><datestamp>2025-02-13T09:44:52Z</datestamp><setSpec>com_10324_1158</setSpec><setSpec>com_10324_931</setSpec><setSpec>com_10324_894</setSpec><setSpec>col_10324_1242</setSpec></header><metadata><record xmlns="http://www.loc.gov/MARC21/slim" xmlns:doc="http://www.lyncode.com/xoai" xmlns:xsi="http://www.w3.org/2001/XMLSchema-instance" xmlns:dcterms="http://purl.org/dc/terms/" xsi:schemaLocation="http://www.loc.gov/MARC21/slim http://www.loc.gov/standards/marcxml/schema/MARC21slim.xsd">
<leader>00925njm 22002777a 4500</leader>
<datafield tag="042" ind1=" " ind2=" ">
<subfield code="a">dc</subfield>
</datafield>
<datafield tag="720" ind1=" " ind2=" ">
<subfield code="a">Manjón, F. J.</subfield>
<subfield code="e">author</subfield>
</datafield>
<datafield tag="720" ind1=" " ind2=" ">
<subfield code="a">Loa, I.</subfield>
<subfield code="e">author</subfield>
</datafield>
<datafield tag="720" ind1=" " ind2=" ">
<subfield code="a">Syassen, K.</subfield>
<subfield code="e">author</subfield>
</datafield>
<datafield tag="720" ind1=" " ind2=" ">
<subfield code="a">Lin, C.T.</subfield>
<subfield code="e">author</subfield>
</datafield>
<datafield tag="720" ind1=" " ind2=" ">
<subfield code="a">Cardona, M.</subfield>
<subfield code="e">author</subfield>
</datafield>
<datafield tag="720" ind1=" " ind2=" ">
<subfield code="a">Serrano Gutiérrez, Jorge</subfield>
<subfield code="e">author</subfield>
</datafield>
<datafield tag="260" ind1=" " ind2=" ">
<subfield code="c">2001</subfield>
</datafield>
<datafield tag="520" ind1=" " ind2=" ">
<subfield code="a">Raman spectra of isotopically pure zinc-blende CuBr (63Cu81Br) were measured at T = 10 K under hydrostatic pressures up to 4 GPa. The ambient-pressure spectrum consists of a transverse-optic (TO) phonon line and an anomalous broad band located at frequencies near the expected first-order longitudinal-optic (LO) scattering. Application of hydrostatic pressure leads to an increase of the linewidth of the TO mode and to a significant change of the LO scattering band which above 3 GPa develops into a single LO phonon peak of narrow linewidth. The disappearance of the LO Raman anomaly as well as the broadening of the TO mode with pressure are explained by pressure-dependent third-order anharmonic interactions of zone-center optical phonons with q = 0 two-phonon states.</subfield>
</datafield>
<datafield tag="024" ind2=" " ind1="8">
<subfield code="a">phys. stat. sol. (b) 223, 331 (2001)</subfield>
</datafield>
<datafield tag="024" ind2=" " ind1="8">
<subfield code="a">0370-1972</subfield>
</datafield>
<datafield tag="024" ind2=" " ind1="8">
<subfield code="a">https://uvadoc.uva.es/handle/10324/65362</subfield>
</datafield>
<datafield tag="024" ind2=" " ind1="8">
<subfield code="a">10.1002/1521-3951(200101)223:1&lt;331::AID-PSSB331>3.0.CO;2-E</subfield>
</datafield>
<datafield tag="024" ind2=" " ind1="8">
<subfield code="a">331</subfield>
</datafield>
<datafield tag="024" ind2=" " ind1="8">
<subfield code="a">1</subfield>
</datafield>
<datafield tag="024" ind2=" " ind1="8">
<subfield code="a">336</subfield>
</datafield>
<datafield tag="024" ind2=" " ind1="8">
<subfield code="a">physica status solidi (b)</subfield>
</datafield>
<datafield tag="024" ind2=" " ind1="8">
<subfield code="a">223</subfield>
</datafield>
<datafield tag="024" ind2=" " ind1="8">
<subfield code="a">1521-3951</subfield>
</datafield>
<datafield tag="245" ind1="0" ind2="0">
<subfield code="a">Effect of Pressure on the Anomalous Raman Spectrum of CuBr</subfield>
</datafield>
</record></metadata></record></GetRecord></OAI-PMH>